Mikroskopie horninotvorných a technických minerálů
Salvato in:
| Autore principale: | |
|---|---|
| Altri autori: | , |
| Natura: | Libro |
| Lingua: | ceco |
| Pubblicazione: |
Brno
Přírodovědecká fakulta Masarykovy univerzity, Moravské zemské muzeum
2002
|
| Soggetti: | |
| Accesso online: | Visualizza in OPAC |
| Tags: |
Nessun Tag, puoi essere il primo ad aggiungerne!!
|
MARC
| LEADER | 00000nam a2200000 a 4500 | ||
|---|---|---|---|
| 005 | 20260127134317.0 | ||
| 008 | 060517 2002 xr 000 0 cze d | ||
| 020 | |a 8070281952 | ||
| 035 | |a vtls008701386 | ||
| 039 | 9 | |a 202003111603 |b AUTHORITY |c 202003111551 |d csnk01 |y 200605171209 |z mschk03 | |
| 040 | |a STUSCHK1 |b slo |c STUSCHK1 |e AACR2 | ||
| 080 | |a 655.55 | ||
| 080 | |a 549:543.456:655.5 | ||
| 100 | 1 | |a Gregorová, Miroslava | |
| 245 | 1 | |a Mikroskopie horninotvorných a technických minerálů | |
| 260 | |a Brno |b Přírodovědecká fakulta Masarykovy univerzity, Moravské zemské muzeum |c 2002 | ||
| 300 | |a 325 s. ill. | ||
| 650 | 0 | |a minerály |x mikroskopie | |
| 700 | 1 | |a Fojt, Bohuslav, |d 1929- |9 875 | |
| 700 | 1 | |a Vávra, Václav | |
| 910 | |a SCHK95 | ||
| 919 | |a 80-7028-195-2 | ||
| 999 | |c 9455 |d 9455 | ||